| 000 | 00755cam a2200265 i 4500 | ||
|---|---|---|---|
| 001 | 2239561 | ||
| 003 | ARRUPE | ||
| 005 | 20150220141406.0 | ||
| 008 | 760910s1976 enk 000 0beng | ||
| 010 | _a 76374171 | ||
| 015 | _aGB76-05826 | ||
| 020 |
_a0330246631 : _c£0.60 |
||
| 040 |
_aDLC _cDLC _dDLC |
||
| 043 | _ae-uk-en | ||
| 050 | 0 | 0 |
_aSF613.H44 _bA38 1975 |
| 082 | 0 | 0 |
_a636.089/092/4 _aB |
| 100 | 1 |
_aHerriot, James. _915453 |
|
| 245 | 1 | 0 |
_aVet in harness / _cJames Herriot. |
| 260 |
_aLondon : _bPan Books, _c1975. |
||
| 300 |
_a252 p. ; _c18 cm. |
||
| 600 | 1 | 0 |
_aHerriot, James. _915454 |
| 650 | 0 |
_aVeterinarians _zEngland _zYorkshire _xBiography. _915455 |
|
| 906 |
_a7 _bcbc _corignew _d3 _encip _f19 _gy-gencatlg |
||
| 942 |
_2lcc _cMONOGRAPH |
||
| 999 |
_c122159 _d122159 |
||